000 00663nam a22001697a 4500
003 OSt
005 20220107122757.0
008 150331b xxu||||| |||| 00| 0 eng d
040 _c
100 _aRengaraj J (92312010)
_96343
245 _aMultispectral image analysis for mapping suspended sediment concentration along gulf of kutch, Gujarat, India
502 _bMSc. Geoinformatics
_c2012 - 2014
_dINT
_eRadhakrishnan T
_fOnkar S Chauhan (CSIR - National Institute of Oceanography)
_g"CSIR - National Institute of Oceanography, Goa"
650 _aREMOTE SENSING
_96344
650 _aSATELLITE IMAGE
_96345
650 _aMULTISPECTRAL IMAGES
_96346
942 _2ddc
_cPR
999 _c4575
_d4575